[Event "Heraklion op"]
[Site "Heraklion"]
[Date "2014.09.03"]
[Round "2"]
[White "Sandalakis, Nikolaos"]
[Black "Toumanidis, Mihailangelos"]
[Result "1-0"]
[WhiteElo "1971"]
[BlackElo "1619"]
[PlyCount "43"]
[EventDate "2014.09.02"]
[EventType "swiss"]
[EventRounds "6"]
[EventCountry "GRE"]
[SourceTitle "EXT 2015"]
[Source "ChessBase"]
[SourceDate "2014.11.20"]
[SourceVersion "1"]
[SourceVersionDate "2014.11.20"]
[SourceQuality "1"]

1. e4 d6 2. d4 Nf6 3. Nc3 g6 4. g3 Bg7 5. Bg2 0-0 6. Nge2 c6 7. a4 e5 8. 0-0 Bg4 9. h3 Bxe2 10. Nxe2 h6 11. dxe5 dxe5 12. Be3 Qc7 13. a5 Rd8 14. Qc1 Kh7 15. Bb6 axb6 16. axb6 Qxb6 17. Rxa8 h5 18. Rd1 Bh6 19. Qa1 Rc8 20. b3 Nfd7 21. Rxd7 Nxd7 22. Rxc8 1-0